Akta Keselamatan Dalam Negeri 1960 (Akta 82) / (Record no. 4740)

000 -LEADER
fixed length control field nam a22 a 4500
003 - CONTROL NUMBER IDENTIFIER
control field AKMAL
005 - DATE AND TIME OF LATEST TRANSACTION
control field 20170801114404.0
008 - FIXED-LENGTH DATA ELEMENTS--GENERAL INFORMATION
fixed length control field 170108s2017 my e 000 0 may d
020 ## - INTERNATIONAL STANDARD BOOK NUMBER
Terms of availability RM 21.00
082 04 - DEWEY DECIMAL CLASSIFICATION NUMBER
Classification number 345.595023 MAL
Edition number 22
090 00 - LOCALLY ASSIGNED LC-TYPE CALL NUMBER (OCLC); LOCAL CALL NUMBER (RLIN)
Classification number (OCLC) (R) ; Classification number, CALL (RLIN) (NR) 345.595023
Local cutter number (OCLC) ; Book number/undivided call number, CALL (RLIN) MAL
110 1# - MAIN ENTRY--CORPORATE NAME
Corporate name or jurisdiction name as entry element Malaysia
9 (RLIN) 400
245 10 - TITLE STATEMENT
Title Akta Keselamatan Dalam Negeri 1960 (Akta 82) /
Statement of responsibility, etc. Disusun semula oleh Penasihat Undang-Undang Mdc
260 ## - PUBLICATION, DISTRIBUTION, ETC.
Place of publication, distribution, etc. Kuala Lumpur:
Name of publisher, distributor, etc. Mdc Publishers,
Date of publication, distribution, etc. 2017.
300 ## - PHYSICAL DESCRIPTION
Extent 69 ms. ;
Dimensions 27 cm.
490 1# - SERIES STATEMENT
Series statement Undang-undang Malaysia
650 10 - SUBJECT ADDED ENTRY--TOPICAL TERM
Topical term or geographic name entry element International security
General subdivision Law and legislation
Geographic subdivision Malaysia
9 (RLIN) 9062
710 2# - ADDED ENTRY--CORPORATE NAME
Corporate name or jurisdiction name as entry element Lembaga Penyelidikan Undang-Undang
9 (RLIN) 9063
830 #0 - SERIES ADDED ENTRY--UNIFORM TITLE
Uniform title UNDANG-UNDANG MALAYSIA
9 (RLIN) 9064
942 ## - ADDED ENTRY ELEMENTS (KOHA)
Source of classification or shelving scheme
Koha item type Book
950 ## - LOCAL HOLDINGS (RLIN)
Permanent shelving location, LOC (RLIN) AKMAL
Holdings
Withdrawn status Lost status Source of classification or shelving scheme Damaged status Not for loan Collection code Home library Current library Shelving location Date acquired Inventory number Total Checkouts Full call number Barcode Date last seen Price effective from Koha item type
          NON-FICTION AKMAL Melaka AKMAL Melaka PINJAMAN 01.08.2017 307086   345.595023 MAL 201707391 01.08.2017 01.08.2017 Book
Pusat Sumber Maklumat Dato' Haji Sarmin Md Hussin, Akademi Kastam Diraja Malaysia, Melaka
Tel: 06-2331106 | Faks: 06-2313787